| 000 | 01330nam a2200433 a 4500 | ||
|---|---|---|---|
| 003 | AR-BaBNM | ||
| 005 | 20251128205929.0 | ||
| 008 | 082120s2002 ||||||||||||||000 | spa|| | ||
| 020 | _a950-29-0425-7 | ||
| 040 | _cAR-BaBNM | ||
| 245 | 0 | 0 |
_a¿Qué es filosofía para niños? _bideas y propuestas para pensar la educación |
| 250 | _a1ª ed. | ||
| 260 |
_aBuenos Aires _bUniversidad de Buenos Aires _c1997 |
||
| 300 |
_a416 p. _bil., gráfs. |
||
| 490 | 0 |
_aEdiciones Universitarias del Ciclo Básico Común _vv. 150 |
|
| 500 | _aInformación acerca de los autores: p. 411-414 | ||
| 504 | _aBibliografía al final de cada capítulo | ||
| 600 | 1 | 4 | _aLipman, Matthew |
| 600 | 1 | 4 | _aDewey, John |
| 650 | 4 | _aFILOSOFIA | |
| 650 | 4 | _aFILOSOFIA DE LA EDUCACION | |
| 650 | 4 | _aNIÑOS | |
| 650 | 4 | _aAUTOEVALUACION | |
| 650 | 4 | _aTECNICAS DIDACTICAS | |
| 650 | 4 | _aPENSAMIENTO | |
| 650 | 4 | _aRAZONAMIENTO | |
| 650 | 4 | _aENSEÑANZA | |
| 650 | 4 | _aREFLEXION | |
| 653 | _aEDUCACION PRIMARIA | ||
| 653 | _aEDUCACION DEMOCRATICA | ||
| 653 | _aFORMACION ETICA Y CIUDADANA | ||
| 700 | 1 |
_aKohan, Walter _ecompilador |
|
| 700 | 1 |
_aWaksman, Vera _ecompilador |
|
| 700 | 1 |
_aNasini, Mercedes _etraductor |
|
| 700 | 1 |
_aRuffer, Mariel _etraductor |
|
| 700 | 1 |
_aLipman, Matthew _eprologuista |
|
| 942 | _cBK | ||
| 998 | _carturo | ||
| 999 |
_c13352 _d13352 |
||